Easy General Knowledge #9 - Statistics

General Stats
  • This quiz has been taken 684 times
  • The average score is 11 of 20
Answer Stats
Question Answer % Correct
What is the capital city of France? Paris
95%
To "fry" food is to cook food in what kind of liquid? Oil
86%
What is the common name of the species Homo sapiens? Human
81%
What is the second largest country in the world? Canada
78%
Gas
77%
Which Lakers player died in January 2020? Kobe Bryant
77%
Liquid
77%
What video game allows you to build things out of blocks? Minecraft
77%
In which U.S. city would you find Hollywood? Los Angeles
76%
Name the three main states of matter. Solid
76%
Which superpower dissolved in 1991? Soviet Union
59%
What physical quantity is calculated by dividing the distance by the time taken? Speed
59%
What is the largest country in Africa? Algeria
52%
What are PE, PP, and PVC? Plastics
48%
What is the symbol "\" called? Backslash
45%
Who wrote the novel Jane Eyre? Charlotte Brontë
25%
Who famously said "the only thing we have to fear is fear itself"? Franklin D. Roosevelt
25%
What is 1 + 2 + 3 + ... + 100? 5050
20%
In terms of electricity, what does "e.m.f." stand for? Electromotive force
9%
What is the meaning of this symbol: ℮ Estimated
4%
No matching quizzes found
Score Distribution
Percent of People with Each Score
Percentile by Number Answered
Your Score History
You have not taken this quiz